| 000 | 00538cam a22002171 4500 | ||
|---|---|---|---|
| 001 | sa 66002078 | ||
| 003 | DLC | ||
| 005 | 20260227112226.0 | ||
| 008 | 911023s1963 ii 000 1 pano | ||
| 010 | _asa 66002078 | ||
| 035 | _a(OCoLC)24611625 | ||
| 040 |
_aDLC _cWaU _dDLC |
||
| 042 | _apremarc | ||
| 050 | 0 | 0 |
_aPK2658 _b.P34 |
| 110 | 2 | _aPañjābī Sāhitta Sabhā, Sirhind, India. | |
| 245 | 1 | 0 | _aLālī hariālī. |
| 260 | _c[1963] | ||
| 300 |
_a119 p. _c19 cm. |
||
| 500 | _aIn Panjabi. | ||
| 650 | 0 | _aShort stories, Panjabi. | |
| 999 |
_c68131 _d68131 |
||